000 01099nam a22002895i 4500
001 156067
003 ES-MaACL
005 20250907063116.0
008 920508s1896 fr |||| |bfre d
040 _aCAT
_bspa
_cCAT
_dCCPB
080 4 _a929
100 1 _aIorga, Nicolae,
_d1871-1940
_9128192
245 1 0 _aPhilippe de Mézières, 1327-1405, et la croisade au XIVe siècle /
_cpar N. Jorga.
260 _aParis :
_bLibrairie Émile Bouillon,
_c1896.
300 _aXXXIV, 555 p. ;
_c26 cm.
490 1 _aBibliothèque de l'École des hautes études. Sciences philologiques ;
_v110
504 _aBibliografía, p. VII-XXV.
504 _aÍndice.
600 1 7 _aMézières, Philippe de,
_d1327-1405
_2
_9130360
650 4 _aCruzadas-
_yS. XIV.
_9222505
650 4 _aEscritores franceses-
_yS. XIV/XV.
_9136026
700 1 _aBouillon, Emile,
_eed.
_9187736
752 _aFrancia -
_dParís
830 0 0 _aBibliothèque de l'École des Hautes Études. Sciences historiques et philologiques
_v110
_9229685
852 _aES-MaACL
_jC-7630
_z-- Enc. hol.
999 _c156067
_d156067